000 00602nam a2200193Ia 4500
005 20250507130218.0
008 008 250505s9999 xx 000 0 eng d
037 _aSeries Article
040 _aEASL
_beng
_cEASL
041 _aeng
_2eng
084 _qEASL
100 _aSpires Anthony J. Etc.
_9668885
245 0 _aSocietal supoort for China's grass-roots NGOs: Evidence from Yunnan, Guangdong and Beijing
260 _aAustralia
_bCanberra Australian National University Australia
_c2014
300 _a65-90 Pp.
650 _aChina
942 _cSRA
999 _c1318350
_d1318350